000 00271nam a22001217a 4500
008 170310b xxu||||| |||| 00| 0 alb d
041 _aalb
080 _a616.5
100 _a7
101 _aSHM
245 _aDERMATOLOGJIA DHE VENEROLOGJIA
_cKERCIKU, K.S
942 _2udc
_cBK
999 _c7476
_d7476